书目信息 |
| 题名: |
美国种族简史
|
|
| 作者: | 索厄尔 著 ;沈宗美 译 | |
| 分册: | ||
| 出版信息: | 北京 中信出版社 2011.11 |
|
| 页数: | 312页 | |
| 开本: | 23cm | |
| 丛书名: | ||
| 单 册: | ||
| 中图分类: | D771.262 | |
| 科图分类: | ||
| 主题词: | 种族--历史--美国 , 种族 , 历史 | |
| 电子资源: | ||
| ISBN: | 978-7-5086-3092-2 | |
| 000 | 00992nam0 2200289 450 | |
| 001 | 010000012933 | |
| 005 | 20130608084132.09 | |
| 010 | @a978-7-5086-3092-2@dCNY35.00 | |
| 035 | @a005543804 | |
| 100 | @a20111230d2011 em y0chiy0110 ea | |
| 101 | 1 | @achi@ceng |
| 102 | @aCN@b110000 | |
| 105 | @ay z 000yy | |
| 106 | @ar | |
| 200 | 1 | @a美国种族简史@9mei guo zhong zu jian shi@dEthnic America: a history@f(美)托马斯·索威尔著@g沈宗美译@zeng |
| 210 | @a北京@c中信出版社@d2011.11 | |
| 215 | @a312页@d23cm | |
| 330 | @a本书运用大量的史实、数字,深入浅出地讲述了各个种族在美国的奋斗史、文化史,包括爱尔兰人、德国人、意大利人、日本人、犹太人、华人、墨西哥人、黑人、波多黎各人等。 | |
| 510 | 1 | @aEthnic America: a history@zeng |
| 606 | 0 | @a种族@x历史@y美国 |
| 606 | 0 | @a种族 |
| 606 | 0 | @a历史 |
| 690 | @aD771.262@v5 | |
| 701 | 0 | @c(美)@a索厄尔@9suo e er@c(Sowell,Thomas@f1930~)@4著 |
| 702 | 0 | @a沈宗美@9shen zong mei@4译 |
| 801 | 0 | @aCN@bNLC@c20120323 |
| 905 | @dD771.262@e365 | |
| 美国种族简史=Ethnic America: a history/(美)托马斯·索威尔著/沈宗美译.-北京:中信出版社,2011.11 |
| 312页;23cm |
| ISBN 978-7-5086-3092-2:CNY35.00 |
| 本书运用大量的史实、数字,深入浅出地讲述了各个种族在美国的奋斗史、文化史,包括爱尔兰人、德国人、意大利人、日本人、犹太人、华人、墨西哥人、黑人、波多黎各人等。 |
| ● |
| 相关链接 |
|
|
|
|
正题名:美国种族简史
索取号:D771.262/365
 
预约/预借
| 序号 | 登录号 | 条形码 | 馆藏地/架位号 | 状态 | 备注 |
| 1 | 0544149 | 205441495 | 第一样本阅览室/ [索取号:D771.262/365] | 在馆 | |
| 2 | 0544150 | 205441501 | 第一借阅区/ [索取号:D771.262/365] | 在馆 | |
| 3 | 0544151 | 205441510 | 第一借阅区/ [索取号:D771.262/365] | 在馆 | |
| 4 | 0544152 | 205441529 | 第一借阅区/ [索取号:D771.262/365] | 在馆 | |
| 5 | 0544153 | 205441538 | 密集书库-史法系/ [索取号:D771.262/365] | 在馆 |